| 000 | 01561nam0a22003491 4500 | ||
|---|---|---|---|
| 001 | rc\2718907 | ||
| 005 | 20260406112730.0 | ||
| 035 | _a(NLR Aleph) 006846684 | ||
| 090 |
_a6702745 _c6702745 |
||
| 100 | _a20110915d1938 u y0rusy50 ca | ||
| 101 | 0 | _arus | |
| 102 | _aRU | ||
| 105 | _aa z ||||| | ||
| 135 | _acrcn 024anaba | ||
| 200 | 1 |
_aВ дозоре _eДля дошкольного возраста _fСергей Михалков _gРис. Б. Жукова |
|
| 210 |
_aТашкент _cГосиздат УзССР _d1938 |
||
| 215 |
_a[11] с. _cил. _d27 см. |
||
| 325 | 1 | _aКопия доступна в электронной библиотеке РНБ | |
| 700 | 1 |
_8rus _7ca _aМихалков _bС. В. _cписатель _f1913-2009 _gСергей Владимирович _3RU\NLR\AUTH\7792 _9110194 |
|
| 702 | 1 |
_4440 _7ca _8rus _aЖуков _bБ. С. _cхудожник _f1906-1987 _gБорис Самойлович _3RU\NLR\AUTH\770284884 _92679351 |
|
| 801 | 0 |
_aRU _bNLR _gpsbo |
|
| 801 | 1 |
_aRU _bELAR _2rusmarc |
|
| 852 |
_aNLR _j38-12/127 |
||
| 856 | 0 | _uhttp://vivaldi.nlr.ru/bx000020858/view | |
| 856 | 1 | _uhttp://vivaldi.nlr.ru/bx000020858/cover | |
| 856 | 2 | _uhttp://vivaldi.nlr.ru/bx000020858/text | |
| 901 | _eКнижные издания | ||
| 942 | _cBOOK | ||
| 980 | _aNB | ||
| 981 | 3 | 3 |
_a(33) Художественная литература _b(33) Книги для детей |